书目信息 |
| 题名: |
新编党支部工作教程
|
|
| 作者: | 詹才祥 , 柴勋 主编 | |
| 分册: | ||
| 出版信息: | 北京 中共中央党校出版社 2000.03 |
|
| 页数: | 342页 | |
| 开本: | 32开 | |
| 丛书名: | ||
| 单 册: | ||
| 中图分类: | D261.41 | |
| 科图分类: | ||
| 主题词: | 中国共产党 | |
| 电子资源: | ||
| ISBN: | 7-5035-2085-X | |
| 000 | 00623nam0 2200205 45 | |
| 001 | 0008041186 | |
| 005 | 20000804111248.3 | |
| 010 | @a7-5035-2085-X@d16.50元 | |
| 100 | @a20000804d2000 km y0chiy0120 ea | |
| 101 | 0 | @achi |
| 105 | @a z 000yy | |
| 200 | 1 | @a新编党支部工作教程@AXin Bian Dang Zhi Bu Gong Zuo Jiao Cheng@f詹才祥,柴勋主编@FZhan Cai Xiang,Chai Xun Zhu Bian |
| 210 | @a北京@c中共中央党校出版社@d2000.03 | |
| 215 | @a342页@d32开 | |
| 606 | 0 | @a中国共产党 |
| 690 | @aD261.41@v3 | |
| 701 | 0 | @a詹才祥@4主编 |
| 701 | 0 | @a柴勋@4主编 |
| 801 | @aCN@bPftUser@c20000804 | |
| 905 | @dD261.41@eZH882=4@b87458-460@f3 | |
| 新编党支部工作教程/詹才祥,柴勋主编.-北京:中共中央党校出版社,2000.03 |
| 342页;32开 |
| ISBN 7-5035-2085-X:16.50元 |
| ● |
| 相关链接 |
|
|
|
正题名:新编党支部工作教程
索取号:D261.41/ZH882=4
 
预约/预借
| 序号 | 登录号 | 条形码 | 馆藏地/架位号 | 状态 | 备注 |
| 1 | 87458 | 200874580 | 社科库509/509社科库 69排4列4层/ [索取号:D261.41/ZH882=4] | 在馆 | |
| 2 | 87459 | 200874599 | 社科库509/509社科库 69排5列2层/ [索取号:D261.41/ZH882=4] | 在馆 | |
| 3 | 87460 | 200874606 | 社科库509/509社科库 69排4列4层/ [索取号:D261.41/ZH882=4] | 在馆 |